000 00730nam a2200289Ia 4500
001 Z_5064
003 CHAP
008 220113s1979 xx 000 0 und d
010 _a168121
040 _cCHAP
082 _a338.176 V4
100 _aVelázquez Bermúdez, Jaime
_9118509
245 _aLa ganadería mexicana contribución a su análisis económico /
_cpor Jaime Velázquez Bermúdez
260 _aMéxico, D. F. :
_bs.e.,
_c1979
300 _a
440 _a
500 _a
503 _a
650 _aGanadería
_xAspectos económicos
_xMéxico
_944636
650 _aGanadería
_xMéxico
_9137519
901 _a338.176 V4
902 _aA
910 _a1979
942 _c1
942 _cc1
999 _c168121
_d168121